The distribution and motion of interstellar matter in galaxies (Record no. 2299)

MARC details
000 -LEADER
fixed length control field 00898nam a2200205Ia 4500
003 - CONTROL NUMBER IDENTIFIER
control field IN-BaIIA
008 - FIXED-LENGTH DATA ELEMENTS--GENERAL INFORMATION
fixed length control field 211028s9999 xx 000 0 eng d
040 ## - CATALOGING SOURCE
Transcribing agency IIA Library
080 ## - UNIVERSAL DECIMAL CLASSIFICATION NUMBER
Universal Decimal Classification number 524.5(082.2)
Item number THE
111 ## - MAIN ENTRY--MEETING NAME
Meeting name or jurisdiction name as entry element Conference on the Distribution and Motion of Interstellar Matter in Galaxies
Location of meeting Princeton, New Jersey
Date of meeting or treaty signing 1961 Apr. 10-20
9 (RLIN) 4117
245 #4 - TITLE STATEMENT
Title The distribution and motion of interstellar matter in galaxies
Remainder of title proceedings of a conference on the distribution and motion of interstellar matter in galaxies, held in Princeton, New Jersey, April 10-20, 1961
Statement of responsibility, etc. edited by L. Woltjer
260 ## - PUBLICATION, DISTRIBUTION, ETC.
Place of publication, distribution, etc. New York
Name of publisher, distributor, etc. W. A. Benjamin
Date of publication, distribution, etc. 1962
300 ## - PHYSICAL DESCRIPTION
Extent xiii, 330p.
490 ## - SERIES STATEMENT
Series statement Benjamin books in the planetary and earth sciences
650 ## - SUBJECT ADDED ENTRY--TOPICAL TERM
Topical term or geographic name entry element Astronomy and astrophysics thesaurus
650 ## - SUBJECT ADDED ENTRY--TOPICAL TERM
Topical term or geographic name entry element Galaxy
9 (RLIN) 3368
650 ## - SUBJECT ADDED ENTRY--TOPICAL TERM
Topical term or geographic name entry element Interstellar matter
9 (RLIN) 1189
700 ## - ADDED ENTRY--PERSONAL NAME
Personal name Woltjer, L., ed.
9 (RLIN) 4118
942 ## - ADDED ENTRY ELEMENTS (KOHA)
Koha item type Books
Holdings
Withdrawn status Lost status Damaged status Not for loan Home library Current library Shelving location Date acquired Cost, normal purchase price Total Checkouts Full call number Barcode Date last seen Cost, replacement price Price effective from Koha item type Purchase Price
        IIA Library-Bangalore IIA Library-Bangalore General Stacks   74.25   524.5(082.2)/ THE 2575 05/11/2021 74.25   Books Rs. 74.25

Powered by Koha